| 000 | 00444nam a22001697a 4500 | ||
|---|---|---|---|
| 003 | OSt | ||
| 005 | 20160330122251.0 | ||
| 008 | 160330b xxu||||| |||| 00| 0 eng d | ||
| 020 | _a0421912308 | ||
| 040 | _cDDC. | ||
| 082 | _2026.34COM2005 | ||
| 100 |
_aSweet;Maxwll; _97458 |
||
| 245 |
_aThe Common Wealth Library; _bChitty on Contracts. |
||
| 260 |
_aLondon. _bSweet&Maxwell. _c2005 |
||
| 300 |
_axlviii,300p; _bill; _c24cm |
||
| 942 |
_2ddc _cSLOAN |
||
| 999 |
_c3331 _d3331 |
||